[Event "Madrid San Viator op-B 30th"]
[Site "Madrid"]
[Date "2018.04.22"]
[Round "3"]
[White "Sarabia Utrilla, Joaquin"]
[Black "Nunez Valladares, Domingo"]
[Result "1-0"]
[WhiteElo "1750"]
[BlackElo "1405"]
[PlyCount "41"]
[EventDate "2018.04.08"]
[EventType "swiss"]
[EventRounds "9"]
[EventCountry "ESP"]
[SourceTitle "EXT 2019"]
[Source "ChessBase"]
[SourceDate "2018.10.10"]
[SourceVersion "1"]
[SourceVersionDate "2018.10.10"]
[SourceQuality "1"]

1. d4 Nf6 2. c4 e6 3. Nc3 d5 4. Bg5 Be7 5. Nf3 Nbd7 6. e3 0-0 7. Bd3 dxc4 8. Bxc4 Nb6 9. Bd3 Nfd5 10. Bxe7 Qxe7 11. Qc2 f5 12. a3 Nd7 13. Nxd5 exd5 14. Bxf5 g6 15. Bd3 c6 16. h4 Rxf3 17. gxf3 Nf6 18. Rg1 Nh5 19. Bxg6 hxg6 20. Qxg6+ Qg7 21. Qe8+ 1-0

[Event "Madrid San Viator op 20th"]
[Site "Madrid"]
[Date "2013.06.09"]
[Round "9"]
[White "Andres Rodriguez, Florencio"]
[Black "Sarabia Utrilla, Joaquin"]
[Result "0-1"]
[WhiteElo "1575"]
[BlackElo "1778"]
[PlyCount "100"]
[EventDate "2013.04.07"]
[EventType "swiss"]
[EventRounds "9"]
[EventCountry "ESP"]
[SourceTitle "EXT 2014"]
[Source "ChessBase"]
[SourceDate "2013.11.20"]
[SourceVersion "1"]
[SourceVersionDate "2013.11.20"]
[SourceQuality "1"]

1. d4 d5 2. c4 e6 3. Nc3 c6 4. e3 Bb4 5. a3 Bxc3+ 6. bxc3 Nf6 7. Nf3 Ne4 8. Qc2 Nd7 9. Bd3 Ndf6 10. a4 0-0 11. Ne5 h6 12. Ba3 Re8 13. f3 Nd6 14. 0-0 Nxc4 15. Nxc4 dxc4 16. Bxc4 Nd5 17. Rae1 Qa5 18. Bb2 b5 19. axb5 cxb5 20. Bxd5 exd5 21. Ra1 Qc7 22. Qd2 a5 23. Rfb1 Qe7 24. Bc1 Bd7 25. Qf2 Rec8 26. Bd2 Qe8 27. Re1 Bf5 28. Qg3 Qc6 29. Qe5 Qe6 30. Qxe6 fxe6 31. e4 dxe4 32. fxe4 Bg6 33. Re3 a4 34. e5 a3 35. Rg3 Kh7 36. h4 a2 37. Re3 Bb1 38. g4 Ra3 39. g5 h5 40. Kf2 b4 41. cxb4 Rxe3 42. Kxe3 Kg6 43. Be1 Kf5 44. b5 Rb8 45. Bb4 Rxb5 46. Bf8 g6 47. Bc5 Rb2 48. d5 exd5 49. Bd4 Rb3+ 50. Kd2 Ke4 0-1

[Event "Madrid-ch sf-A"]
[Site "Madrid"]
[Date "2011.01.26"]
[Round "6"]
[White "Sarabia Utrilla, Joaquin"]
[Black "Lozano Sanchez, Jose Antonio"]
[Result "0-1"]
[WhiteElo "1840"]
[BlackElo "1918"]
[PlyCount "82"]
[EventDate "2011.01.17"]
[EventType "swiss"]
[EventRounds "9"]
[EventCountry "ESP"]
[SourceTitle "CBM 140 Extra"]
[Source "ChessBase"]
[SourceDate "2011.03.01"]
[SourceVersion "1"]
[SourceVersionDate "2011.03.01"]
[SourceQuality "1"]

1. d4 d5 2. c4 Nf6 3. Nc3 c6 4. Nf3 Bf5 5. cxd5 Nxd5 6. g3 e6 7. Bg2 Nd7 8. 0-0 h6 9. Nh4 Bh7 10. e4 Nxc3 11. bxc3 Be7 12. Qg4 Bxh4 13. gxh4 Rg8 14. f3 Nf6 15. Qg3 Qe7 16. a4 Nh5 17. Qe5 Qxh4 18. d5 cxd5 19. exd5 Bf5 20. dxe6 fxe6 21. Qb5+ Kf7 22. Ba3 Nf4 23. Qxb7+ Kg6 24. Ra2 Kh7 25. Be7 Qh5 26. Bd6 Nxg2 27. Rxg2 Bh3 28. Rff2 Bxg2 29. Rxg2 Qd5 30. Qxd5 exd5 31. Rd2 Rac8 32. Be5 Rgd8 33. Rg2 Rd7 34. f4 Rc4 35. Ra2 Re7 36. Kf2 g5 37. Rd2 Rxa4 38. Rxd5 gxf4 39. Kf3 Ra1 40. Kxf4 a5 41. Rd8 Rf1+ 0-1

[Event "Madrid-ch Previa-A"]
[Site "Madrid"]
[Date "2010.11.24"]
[Round "8"]
[White "Sarabia Utrilla, Joaquin"]
[Black "Perez del Amo, Jorge"]
[Result "1-0"]
[WhiteElo "1820"]
[BlackElo "1812"]
[PlyCount "129"]
[EventDate "2010.11.10"]
[EventType "swiss"]
[EventRounds "9"]
[EventCountry "ESP"]
[SourceTitle "EXT 2012"]
[Source "ChessBase"]
[SourceDate "2011.11.24"]
[SourceVersion "1"]
[SourceVersionDate "2011.11.24"]
[SourceQuality "1"]

1. d4 Nf6 2. c4 e6 3. Nc3 Bb4 4. a3 Bxc3+ 5. bxc3 0-0 6. e3 c5 7. Bd3 d5 8. cxd5 exd5 9. Nf3 Nc6 10. 0-0 Re8 11. Re1 Ne4 12. Qc2 f5 13. c4 Be6 14. cxd5 Bxd5 15. dxc5 Qa5 16. Bd2 Nxd2 17. Nxd2 g6 18. Reb1 Ne5 19. Rc1 Nxd3 20. Qxd3 Rad8 21. Qc2 Qc7 22. Nb3 Bxb3 23. Qxb3+ Qf7 24. Rab1 Qxb3 25. Rxb3 Re7 26. g3 Rc7 27. Kg2 Rdd7 28. Rbc3 Rc6 29. Kf3 Kf7 30. e4 fxe4+ 31. Kxe4 Re6+ 32. Kf3 Rc6 33. a4 Rf6+ 34. Kg2 Rc6 35. Rc4 Rd5 36. Rb4 Rd7 37. Rcb1 Rcc7 38. Kf3 Rxc5 39. Rxb7 Rcc7 40. Rxc7 Rxc7 41. Rb4 Ke6 42. h4 Kf6 43. g4 Ke6 44. h5 gxh5 45. gxh5 Kf6 46. Rb5 Rc3+ 47. Kg2 Rc7 48. a5 Rd7 49. Kg3 Rd3+ 50. f3 Rd7 51. f4 Rd3+ 52. Kg4 Rd7 53. Rc5 Rg7+ 54. Rg5 Rd7 55. Rf5+ Ke6 56. Rg5 Kf6 57. Rf5+ Ke6 58. Kg5 Rg7+ 59. Kh6 Rd7 60. Rf8 Ke7 61. Rh8 Kf6 62. Rxh7 Rd4 63. Rxa7 Rxf4 64. Ra6+ Kf5 65. Kg7 1-0

[Event "Madrid San Viator op 14th"]
[Site "Madrid"]
[Date "2010.05.02"]
[Round "5"]
[White "Takvor Mena, Samuel"]
[Black "Sarabia Utrilla, Joaquin"]
[Result "1-0"]
[WhiteElo "1615"]
[BlackElo "1795"]
[PlyCount "81"]
[EventDate "2010.03.28"]
[EventType "swiss"]
[EventRounds "9"]
[EventCountry "ESP"]
[SourceTitle "EXT 2011"]
[Source "ChessBase"]
[SourceDate "2010.11.26"]
[SourceVersion "1"]
[SourceVersionDate "2010.11.26"]
[SourceQuality "1"]

1. e4 e5 2. f4 exf4 3. Nf3 g5 4. h4 g4 5. Ne5 Qe7 6. Nxg4 Qxe4+ 7. Qe2 f5 8. Nf2 Qxe2+ 9. Bxe2 h5 10. d3 Bg7 11. c3 Be5 12. d4 Bd6 13. Bd3 Nh6 14. Nh3 Rg8 15. Ng5 Nf7 16. Nxf7 Rxg2 17. Nxd6+ cxd6 18. Bxf4 b6 19. Bxd6 Bb7 20. Rf1 Rg6 21. Be5 d6 22. Bxf5 Rg2 23. Bxd6 Rxb2 24. Be6 Nd7 25. Rf7 0-0-0 26. Nd2 Re8 27. Re7 Rxe7 28. Bxe7 Rc2 29. Kd1 Rxc3 30. Rc1 Rxc1+ 31. Kxc1 Kc7 32. Bf7 b5 33. Bxh5 Bd5 34. a3 Nb6 35. Be2 Kd7 36. Bc5 Kc6 37. Bf3 Bxf3 38. Nxf3 Nc4 39. Ne5+ Nxe5 40. dxe5 Kd5 41. Bd6 1-0

[Event "Madrid San Viator op 10th"]
[Site "Madrid"]
[Date "2008.06.01"]
[Round "4"]
[White "Sarabia Utrilla, Joaquin"]
[Black "Montero Montero, Juan Jose"]
[Result "1-0"]
[WhiteElo "1882"]
[BlackElo "1788"]
[PlyCount "73"]
[EventDate "2008.05.11"]
[EventType "swiss"]
[EventRounds "9"]
[EventCountry "ESP"]
[SourceTitle "EXT 2009"]
[Source "ChessBase"]
[SourceDate "2008.11.26"]
[SourceVersion "1"]
[SourceVersionDate "2008.11.26"]
[SourceQuality "1"]

1. d4 Nf6 2. c4 e6 3. Nc3 Bb4 4. a3 Bxc3+ 5. bxc3 b6 6. f3 Nc6 7. e4 d6 8. d5 Na5 9. Bd3 h6 10. Ne2 Ba6 11. Nd4 Qd7 12. Qe2 0-0 13. 0-0 Rfe8 14. dxe6 fxe6 15. f4 c5 16. Nc2 d5 17. e5 dxc4 18. Bg6 Nd5 19. Bxe8 Qxe8 20. Qf3 Rd8 21. Qg3 Nb3 22. Rb1 Nxc1 23. Rbxc1 Ne7 24. Ne3 Rd3 25. Rfe1 Nd5 26. Qf2 Nxc3 27. Qb2 Na4 28. Qa1 b5 29. f5 exf5 30. Nxf5 Qe6 31. Nd6 c3 32. Qb1 Nb2 33. Ne4 b4 34. Nxc5 Qb6 35. axb4 Na4 36. Qa2+ Kh8 37. Qxa4 1-0